MARC

LEADER 00000nam0a2200000 4500
001 13731
005 20231101204915.0
035 |a (RuTPU)RU\TPU\book\13814 
035 |a BOOK00013882 
090 |a 13731 
100 |a 20011209d2000 m y0rusy50 ca 
101 0 |a rus 
102 |a RU 
105 |a y j 000zy 
200 1 |a Философия науки и техники  |e учебное пособие  |f А. А. Степанов, Е. В. Водопьянова  |g Томский политехнический университет 
210 |a Томск  |c Изд-во ТПУ  |d 2000 
215 |a 83 с. 
606 1 |a Наука  |x Философские проблемы  |x Методология  |x Логика  |2 stltpush  |3 (RuTPU)RU\TPU\subj\45081  |9 64343 
610 1 |a философия 
610 1 |a наука 
610 1 |a техника 
610 1 |a научное познание 
610 1 |a учебные пособия 
686 |a Ю25я73  |v LBC/SL-A  |2 rubbk 
700 1 |a Степанов  |b А. А.  |g Александр Анатольевич 
701 1 |a Водопьянова  |b Е. В.  |g Елена Викторовна 
712 0 2 |a Томский политехнический университет  |2 stltpush  |3 (RuTPU)RU\TPU\col\376 
801 0 |a RU  |b 63413507  |c 20011209  |g PSBO 
801 2 |a RU  |b 63413507  |c 20140410  |g PSBO 
900 |a Философия 
942 |c BK